000 00689nam a22002531 4500
001 bimo0001141339
003 OSt
005 20140206213002.0
008 930725s1962 sp spa
040 _aSpMaBN
_cBMC
082 _a864
082 _a155.232
100 _945
_aMarañón, Gregorio
_d1887-1960
245 1 0 _aAmiel
_b : un estudio sobre la timidez
_cGregorio Marañón
250 _a9ª ed
260 0 _aMadrid
_bEspasa-Calpe
_c1962
300 _a229 p.
_c18 cm
490 0 _aAustral
_v408
650 _9382
_aTimidez
942 _2ddc
_cBK
956 _a1 2
980 _aM-BN
_bBNMADRID
_j4/48243
_cSG_RECOLET
980 _aM 4526-1962
_aM-BN
_bBNALCALA
_jAHM/674409
_cSALA_ALC
999 _c311
_d311